Pop culture en images - O - Statistiques

Statistiques générales
  • Ce quiz a été pris 296 fois
  • Le résultat moyen est 8 sur 16
Statistiques - réponses
Par images Réponse % Correct
Obelix
100%
Ouioui
99%
Olaf
98%
Oggy
96%
Docteur Octopus
71%
Optimus prime
67%
Onze
64%
Otis
50%
Ochaco Uraraka
46%
Ori
43%
Orihime Inoue
27%
Omen
25%
Ōkami
12%
Okabe Rintaro
6%
Osaragi
2%
Ozob Bozo
1%
Aucun quiz correspondant
Distribution des résultats
% des personnes avec chaque résultat
Percentile par nombre de réponses
Votre historique - résultats
Vous n’avez pas pris ce quiz